[Event "Pardubice Open A"]
[Site "?"]
[Date "2015.07.27"]
[Round "4.49"]
[White "KRAUS, Tomas"]
[Black "FELDTMANN, Thomas"]
[Result "1-0"]
[WhiteElo "2399"]
[BlackElo "2255"]
[PlyCount "137"]
[EventDate "2015.??.??"]
[WhiteClock "0:14:19"]
[BlackClock "0:06:11"]

1. Nf3 Nf6 2. d4 e6 3. e3 d5 4. Bd3 c5 5. b3 Nc6 6. O-O Bd6 7. Bb2 O-O 8. Nbd2
b6 9. Ne5 Bb7 10. f4 Rc8 11. a3 Ne7 12. Qf3 b5 13. dxc5 Bxc5 14. b4 Bb6 15.
Rac1 Nf5 16. Bxf5 exf5 17. Nb3 Ne4 18. Bd4 Bxd4 19. exd4 Rc3 20. Qd1 Qc7 21.
Nd3 Re8 22. Rf3 Rc4 23. Re3 Re6 24. Ne5 f6 25. Nd3 Ra6 26. Ra1 Rc3 27. Rf3 Re6
28. Ndc5 Re8 29. Qf1 Bc6 30. Nxe4 Rxf3 31. Nxf6+ gxf6 32. Qxf3 Qe7 33. Kf2 Qe4
34. Rc1 Re7 35. c3 Be8 36. Nc5 Qxf3+ 37. gxf3 Bc6 38. Rg1+ Kf8 39. Ra1 Ke8 40.
Rg1 Kf7 41. Rb1 Be8 42. Ra1 Bc6 43. Ra2 Be8 44. Rb2 Bc6 45. Rd2 Be8 46. Rd1 Bc6
47. Rg1 Be8 48. Rb1 Bc6 49. Ra1 Be8 50. a4 bxa4 51. Nxa4 Bb5 52. Nc5 Bc4 53.
Re1 Rxe1 54. Kxe1 Ke7 55. Kd2 Kd6 56. Nd3 Bb5 57. Nf2 Bc4 58. Nd1 Bb5 59. Ne3
Ke6 60. c4 dxc4 61. Kc3 Bd7 62. d5+ Kd6 63. Kxc4 Bc8 64. Kd4 Bd7 65. Nc4+ Kc7
66. Kc5 Bc8 67. Na3 a6 68. Nc4 Bb7 69. Nb6 1-0

[Event "Pardubice Open A"]
[Site "?"]
[Date "2015.07.27"]
[Round "4.50"]
[White "PFEFFER, Ruprecht"]
[Black "PLISCHKI, Sebastian"]
[Result "1/2-1/2"]
[WhiteElo "2232"]
[BlackElo "2398"]
[PlyCount "83"]
[EventDate "2015.??.??"]
[WhiteClock "0:00:36"]
[BlackClock "0:22:12"]

1. e4 c5 2. Nf3 Nc6 3. d4 cxd4 4. Nxd4 Nf6 5. Nc3 d6 6. Bg5 e6 7. Qd2 a6 8. f3
Bd7 9. O-O-O h6 10. Be3 b5 11. Nxc6 Bxc6 12. Bd3 Qc7 13. Kb1 Be7 14. Ne2 e5 15.
Ng3 Bd7 16. Rhe1 Rc8 17. Nf5 Bxf5 18. exf5 d5 19. g4 d4 20. Bf2 Nd5 21. Bg3 f6
22. Re4 Qc5 23. f4 exf4 24. Bxf4 O-O 25. Qf2 Nxf4 26. Rxf4 Bd6 27. Re4 Be5 28.
h4 Rfe8 29. Rg1 Re7 30. g5 hxg5 31. hxg5 fxg5 32. Rxg5 Bf6 33. Rgg4 Rce8 34.
Qe1 Rxe4 35. Rxe4 Re5 36. Rxe5 Qxe5 37. Qh1 Qd6 38. a4 bxa4 39. Qh5 Qc6 40. Qe2
Kf8 41. Be4 Qb5 42. Qxb5 1/2-1/2

[Event "Pardubice Open A"]
[Site "?"]
[Date "2015.07.27"]
[Round "4.51"]
[White "ZWARDON, Vojtech"]
[Black "BEREZOVICS, Alexander"]
[Result "1-0"]
[WhiteElo "2397"]
[BlackElo "2226"]
[PlyCount "93"]
[EventDate "2015.??.??"]
[WhiteClock "1:41:33"]
[BlackClock "0:27:59"]

1. c4 g6 2. g3 Bg7 3. Bg2 d6 4. Nc3 e5 5. d3 Nd7 6. Bd2 f5 7. Nf3 Ngf6 8. O-O
O-O 9. Qc1 a5 10. Bh6 c6 11. Bxg7 Kxg7 12. b3 Qe7 13. Qb2 b6 14. a3 Bb7 15. b4
Ra7 16. Nd2 Rfa8 17. Rfb1 Qe6 18. bxa5 Rxa5 19. Nb3 R5a6 20. a4 R8a7 21. a5
bxa5 22. Rxa5 d5 23. Rxa6 Rxa6 24. Nd4 exd4 25. Qxb7 dxc3 26. Qxa6 Qxe2 27.
cxd5 c2 28. Rf1 cxd5 29. Qa1 Ne5 30. Re1 Qxe1+ 31. Qxe1 Nxd3 32. Qe7+ Kh6 33.
Qf8+ Kh5 34. Qxf6 c1=Q+ 35. Bf1 Kh6 36. Qh4+ Kg7 37. Qd4+ Kf8 38. Qxd3 Qc5 39.
Qa6 Kg7 40. Qb5 Qd6 41. Qb7+ Kh6 42. h4 Qe5 43. Qf7 d4 44. Qf8+ Kh5 45. Qd8 h6
46. Qd5 Qe4 47. Qxe4 1-0

[Event "Pardubice Open A"]
[Site "?"]
[Date "2015.07.27"]
[Round "4.52"]
[White "MITUROVA, Magdalena"]
[Black "JASNY, Stanislav"]
[Result "1/2-1/2"]
[WhiteElo "2149"]
[BlackElo "2395"]
[PlyCount "86"]
[EventDate "2015.??.??"]
[WhiteClock "0:13:44"]
[BlackClock "0:28:58"]

1. e4 c5 2. Nf3 Nc6 3. d4 cxd4 4. Nxd4 e5 5. Nb5 a6 6. Nd6+ Bxd6 7. Qxd6 Qe7 8.
Qd1 Nf6 9. Nc3 d6 10. Bg5 Be6 11. g3 h6 12. Bxf6 Qxf6 13. Bg2 Nd4 14. Nd5 Bxd5
15. exd5 O-O 16. c3 Nb5 17. O-O Qe7 18. a4 Nc7 19. f4 exf4 20. Rxf4 Qe3+ 21.
Kh1 Rae8 22. Qf3 a5 23. Rf1 Qxf3 24. Bxf3 Re5 25. Re4 Rxe4 26. Bxe4 Re8 27. Bf3
Re5 28. Rd1 Na6 29. Kg2 Nc5 30. Rd4 Re1 31. b4 axb4 32. cxb4 Nxa4 33. Rc4 Nb6
34. Rc7 Re5 35. Rxb7 Nxd5 36. b5 Nf6 37. Rb8+ Kh7 38. Bc6 Rc5 39. Rd8 d5 40.
Kf3 Rc2 41. Rc8 Rb2 42. Rb8 Rc2 43. Rc8 Rb2 1/2-1/2

[Event "Pardubice Open A"]
[Site "?"]
[Date "2015.07.27"]
[Round "4.53"]
[White "GHENG, Josef"]
[Black "MINKO, Vladimir"]
[Result "0-1"]
[WhiteElo "2376"]
[BlackElo "2226"]
[PlyCount "122"]
[EventDate "2015.??.??"]
[WhiteClock "0:09:36"]
[BlackClock "0:07:17"]

1. e4 c5 2. Nf3 e6 3. Nc3 Nc6 4. Bc4 a6 5. a3 b5 6. Ba2 Bb7 7. O-O Qc7 8. d3
Nf6 9. h3 Be7 10. Re1 d6 11. Ne2 O-O 12. Ng3 Rac8 13. c3 Ne5 14. d4 Nxf3+ 15.
Qxf3 Rfe8 16. Bd2 Bf8 17. Rad1 Nd7 18. Bb1 g6 19. Qg4 Bg7 20. Be3 cxd4 21. cxd4
Qc4 22. Rd2 Qa4 23. Qe2 Nb6 24. Qd3 Qc4 25. Rc2 Qxd3 26. Rxc8 Rxc8 27. Bxd3 Nc4
28. Re2 Nxe3 29. fxe3 f5 30. Kf2 f4 31. exf4 Bxd4+ 32. Kf3 Rc1 33. Rd2 e5 34.
f5 Kf7 35. fxg6+ hxg6 36. Ne2 Rf1+ 37. Kg3 Bf2+ 38. Kh2 Bc5 39. Rc2 Rd1 40. Nc1
Be3 41. Rc7+ Kf6 42. Rxb7 Bxc1 43. Be2 Rd2 44. Bf3 Rxb2 45. h4 Rb3 46. Rb6 Rxa3
47. Rxd6+ Kf7 48. Kh3 a5 49. Rd5 b4 50. Kg4 b3 51. Rb5 b2 52. Bd1 Bf4 53. Bf3
Bc1 54. Bd1 Rd3 55. Be2 Rd4 56. h5 Rxe4+ 57. Kf3 Re3+ 58. Kf2 Rxe2+ 59. Kxe2 a4
60. Rb7+ Kg8 61. Kd3 a3 0-1

[Event "Pardubice Open A"]
[Site "?"]
[Date "2015.07.27"]
[Round "4.54"]
[White "SEGER, Ruediger"]
[Black "VYKOUK, Jan"]
[Result "1/2-1/2"]
[WhiteElo "2371"]
[BlackElo "2182"]
[PlyCount "46"]
[EventDate "2015.??.??"]
[WhiteClock "0:39:23"]
[BlackClock "1:06:56"]

1. e4 c5 2. b3 Nc6 3. Bb2 e5 4. Nc3 g6 5. Bc4 Bg7 6. Nge2 Nf6 7. d3 d6 8. O-O
O-O 9. h3 Be6 10. f4 d5 11. exd5 Nxd5 12. Nxd5 Bxd5 13. f5 Bxc4 14. bxc4 Qh4
15. Qe1 Qxe1 16. Raxe1 Nb4 17. f6 Bh6 18. Bc1 Bxc1 19. Nxc1 Rfe8 20. Rf2 b6 21.
a3 Nc6 22. Nb3 e4 23. Rfe2 Re6 1/2-1/2

[Event "Pardubice Open A"]
[Site "?"]
[Date "2015.07.27"]
[Round "4.55"]
[White "SKLIAROV, Viktor"]
[Black "SMAGIN, Nikita"]
[Result "1-0"]
[WhiteElo "2368"]
[BlackElo "2104"]
[PlyCount "35"]
[EventDate "2015.??.??"]
[WhiteClock "0:21:39"]
[BlackClock "0:16:47"]

1. e4 e6 2. d4 d5 3. e5 c5 4. c3 Nc6 5. Nf3 Bd7 6. a3 f6 7. Bb5 Nxe5 8. Nxe5
fxe5 9. Qh5+ g6 10. Qxe5 Bxb5 11. Qxh8 Qh4 12. Be3 Nf6 13. Nd2 O-O-O 14. Nf3
Qe4 15. Qxf6 Bg7 16. Nd2 Qd3 17. Qf3 e5 18. Bg5 1-0

[Event "Pardubice Open A"]
[Site "?"]
[Date "2015.07.27"]
[Round "4.56"]
[White "WALTER, Florian"]
[Black "NASUTA, Grzegorz"]
[Result "0-1"]
[WhiteElo "2140"]
[BlackElo "2365"]
[PlyCount "102"]
[EventDate "2015.??.??"]
[WhiteClock "0:39:23"]
[BlackClock "0:20:41"]

1. c4 e5 2. g3 Nf6 3. Bg2 d5 4. cxd5 Nxd5 5. Nc3 Nb6 6. Nf3 Nc6 7. O-O Be7 8.
d3 O-O 9. Be3 Re8 10. Rc1 Bf8 11. a3 Nd4 12. Ne4 Bg4 13. Bxd4 exd4 14. Re1 c6
15. Qd2 Bxf3 16. Bxf3 Re5 17. Qc2 g6 18. Rb1 a5 19. Nd2 Rc5 20. Nc4 Nd7 21. Qb3
Rb5 22. Qc2 Rc5 23. Qb3 Qc7 24. Bg4 Rb5 25. Qc2 Nf6 26. Bf3 h5 27. Qd2 Kh7 28.
Qf4 Qxf4 29. gxf4 Rd8 30. Rbd1 Bd6 31. e3 Bc7 32. Rd2 Kg7 33. Kf1 Rc5 34. Ke2
a4 35. Rg1 Re8 36. Kd1 Rd8 37. h3 dxe3 38. fxe3 b5 39. Ne5 Bxe5 40. fxe5 Rxe5
41. Bxc6 Rd6 42. d4 Rxe3 43. Bxb5 Ne4 44. Rd3 Nf2+ 45. Kd2 Rxd3+ 46. Bxd3 Rxd4
47. Rg3 Ne4+ 48. Ke3 Rxd3+ 49. Kxd3 Nxg3 50. b4 axb3 51. a4 Ne4 0-1

[Event "Pardubice Open A"]
[Site "?"]
[Date "2015.07.27"]
[Round "4.57"]
[White "SORM, Daniel"]
[Black "MEYER, Henrik"]
[Result "1-0"]
[WhiteElo "2347"]
[BlackElo "2100"]
[PlyCount "120"]
[EventDate "2015.??.??"]
[WhiteClock "0:01:15"]
[BlackClock "0:37:49"]

1. d4 d5 2. c4 c6 3. Nf3 Nf6 4. Nc3 a6 5. Bg5 Nbd7 6. e3 b5 7. cxd5 cxd5 8. Bd3
Bb7 9. a3 e6 10. Ne5 Be7 11. O-O Nxe5 12. dxe5 Nd7 13. Bf4 Qb8 14. e4 d4 15.
Ne2 Bc5 16. b4 Bb6 17. a4 bxa4 18. Qxa4 Qd8 19. Rad1 O-O 20. Bb1 Nb8 21. Nc1
Nc6 22. Nd3 Qe7 23. Bd2 Na7 24. Nc5 Bc6 25. Qxa6 Bxc5 26. bxc5 Qxc5 27. Rc1 Qb5
28. Qxb5 Bxb5 29. Rfe1 Rac8 30. f4 Ba6 31. Bb4 Rfd8 32. Ba5 Re8 33. Kf2 f6 34.
exf6 gxf6 35. e5 Rxc1 36. Rxc1 fxe5 37. Rc7 Nb5 38. Rc6 Bc8 39. fxe5 Rf8+ 40.
Ke2 Bd7 41. Rc1 Ra8 42. Bd2 Be8 43. Bd3 Kg7 44. g4 Ra2 45. Bc4 Ra6 46. Rf1 Rb6
47. Rf6 Nc3+ 48. Kd3 Bg6+ 49. Kxd4 Nb1 50. Bc1 Rb8 51. Rxe6 Rb7 52. Bg5 Bf7 53.
Bh6+ Kh8 54. Rd6 Be8 55. Rf6 Rd7+ 56. Ke3 Bf7 57. e6 Nd2 58. exd7 Nxc4+ 59. Kd4
Bg8 60. d8=Q Ne5 1-0

[Event "Pardubice Open A"]
[Site "?"]
[Date "2015.07.27"]
[Round "4.58"]
[White "BARAEVA, Irina"]
[Black "SPALIR, Jernej"]
[Result "1-0"]
[WhiteElo "2122"]
[BlackElo "2346"]
[PlyCount "41"]
[EventDate "2015.??.??"]
[WhiteClock "1:02:45"]
[BlackClock "0:53:29"]

1. d4 d5 2. Nf3 Nf6 3. c4 c6 4. Nc3 dxc4 5. a4 Bf5 6. e3 e6 7. Bxc4 Nbd7 8. O-O
Bb4 9. Qe2 Bg6 10. Rd1 O-O 11. Bd2 Qe7 12. a5 Bh5 13. e4 e5 14. d5 h6 15. a6
Nc5 16. axb7 Qxb7 17. dxc6 Qxc6 18. Nd5 Bxf3 19. Qxf3 Ncxe4 20. Nxf6+ gxf6 21.
Bxb4 1-0

[Event "Pardubice Open A"]
[Site "?"]
[Date "2015.07.27"]
[Round "4.59"]
[White "PANAGIOTAKOS, Nikolaos"]
[Black "SIMACEK, Pavel"]
[Result "0-1"]
[WhiteElo "2121"]
[BlackElo "2454"]
[PlyCount "138"]
[EventDate "2015.??.??"]
[WhiteClock "0:03:48"]
[BlackClock "0:34:29"]

1. e4 e5 2. Nf3 Nc6 3. Nc3 Nf6 4. d4 exd4 5. Nxd4 Bb4 6. Nxc6 bxc6 7. Bd3 O-O
8. O-O Re8 9. Qf3 d5 10. exd5 cxd5 11. Bg5 c6 12. Bxf6 Qxf6 13. Qxf6 gxf6 14.
Ne2 Rb8 15. Ng3 Ba5 16. Rab1 Re5 17. f4 Re3 18. Nh5 Bb6 19. Kh1 Bd4 20. Rbe1
Rxe1 21. Rxe1 Bg4 22. c3 Bxh5 23. cxd4 f5 24. Bxf5 Rxb2 25. Bd7 Be2 26. Bxc6
Bc4 27. a4 Rd2 28. g3 Rxd4 29. Re7 a6 30. Kg2 Rd2+ 31. Kf3 Rxh2 32. Rd7 Rd2 33.
f5 Kg7 34. Rd6 h6 35. Bb7 Rd3+ 36. Kf4 a5 37. Bc8 Rd4+ 38. Ke3 Re4+ 39. Kf3 Bb3
40. Bb7 Rxa4 41. Bxd5 Bxd5+ 42. Rxd5 Kf6 43. Rd7 h5 44. Ra7 Ra1 45. Ke3 Re1+
46. Kf2 Re5 47. g4 hxg4 48. Kg3 Rxf5 49. Kxg4 Rb5 50. Ra6+ Kg7 51. Kf4 Rb4+ 52.
Kg5 Rb5+ 53. Kf4 f6 54. Ra8 Rc5 55. Ke4 Kf7 56. Kf4 f5 57. Ra6 Ke7 58. Ke3 Rd5
59. Rc6 Kd7 60. Rc4 Kd6 61. Rc8 Rb5 62. Kd4 Rb4+ 63. Kc3 Re4 64. Ra8 a4 65. Kd3
Ke5 66. Ra5+ Kf4 67. Kd2 Kg4 68. Kd3 Rf4 69. Ke2 Rb4 0-1

[Event "Pardubice Open A"]
[Site "?"]
[Date "2015.07.27"]
[Round "4.60"]
[White "OKUN, Evgeny"]
[Black "GARCIA ROMAN, Daniel"]
[Result "0-1"]
[WhiteElo "2252"]
[BlackElo "2420"]
[PlyCount "140"]
[EventDate "2015.??.??"]
[WhiteClock "0:07:28"]
[BlackClock "0:04:08"]

1. e4 e6 2. d4 d5 3. Nd2 a6 4. Ngf3 c5 5. exd5 exd5 6. dxc5 Bxc5 7. Nb3 Ba7 8.
Be2 Nf6 9. O-O O-O 10. Nbd4 Re8 11. c3 Qd6 12. Bg5 Ne4 13. Be3 Nc6 14. Nc2 Bb8
15. g3 Bh3 16. Re1 Qg6 17. Nh4 Qe6 18. Nd4 Qf6 19. Bg4 Bxg4 20. Qxg4 Ba7 21.
Qf5 Bxd4 22. Bxd4 Nxd4 23. Qxf6 Nxf6 24. cxd4 Rac8 25. Rxe8+ Nxe8 26. Re1 Kf8
27. Re2 Rc4 28. Nf3 Nc7 29. Kf1 Ne6 30. Rd2 f6 31. h4 g6 32. Ke2 h6 33. Kd1 g5
34. b3 Rc3 35. Ke2 Kf7 36. hxg5 hxg5 37. Rd3 Rc2+ 38. Rd2 Rc3 39. Rd3 Rc2+ 40.
Rd2 Rc1 41. Nh2 Nc7 42. Ng4 Nb5 43. Ne3 Ke6 44. Nd1 g4 45. Ke3 Nd6 46. f3 gxf3
47. Kxf3 Ne4 48. Rd3 Rc2 49. a3 Rd2 50. Rxd2 Nxd2+ 51. Ke3 Nxb3 52. Nb2 Na5 53.
Nd3 Nc4+ 54. Ke2 Nxa3 55. Nc5+ Kf5 56. Kd3 Nc4 57. Nxb7 a5 58. Nc5 Nb6 59. Nb7
a4 60. Nd6+ Kg4 61. Ne8 f5 62. Ng7 Nc4 63. Kc3 Ne3 64. Kb4 Kxg3 65. Nh5+ Kg4
66. Nf6+ Kg5 67. Nd7 f4 68. Ne5 a3 69. Kb3 Nc4 70. Nd3 f3 0-1

[Event "Pardubice Open A"]
[Site "?"]
[Date "2015.07.27"]
[Round "4.61"]
[White "HANSCH, Karsten"]
[Black "TOMAZINI, Zan"]
[Result "0-1"]
[WhiteElo "2239"]
[BlackElo "2401"]
[PlyCount "144"]
[EventDate "2015.??.??"]
[WhiteClock "0:06:43"]
[BlackClock "0:03:15"]

1. c4 Nf6 2. g3 c5 3. Bg2 d5 4. cxd5 Nxd5 5. Nc3 Nc7 6. Nf3 Nc6 7. O-O e5 8. b3
f6 9. Bb2 Be6 10. Rc1 Qd7 11. Na4 b6 12. d4 exd4 13. Nxd4 Nxd4 14. Bxd4 Rd8 15.
Ba1 Qxd1 16. Rfxd1 Rxd1+ 17. Rxd1 Be7 18. Nc3 Kf7 19. Nd5 Rd8 20. e4 Nxd5 21.
exd5 Bc8 22. Bf1 Bg4 23. Rd3 Bd6 24. f3 Bf5 25. Rd2 Ke7 26. Kf2 Bc7 27. Bc4 Kd6
28. Bc3 Bd7 29. a4 Ke7 30. Re2+ Kf8 31. Rd2 Bd6 32. Re2 Re8 33. Rd2 Kf7 34. Rd1
Ra8 35. Rd2 Rg8 36. Ra2 g5 37. Kg2 h5 38. Ra1 Rh8 39. Rd1 h4 40. Be1 h3+ 41.
Kf2 Be5 42. Bd2 Bd4+ 43. Be3 Be5 44. Re1 Re8 45. Rd1 Ke7 46. Rd2 Kd6 47. Rd1
Rg8 48. Rg1 Rb8 49. Rc1 Bf5 50. Rg1 Bc2 51. Re1 Bg6 52. Rd1 Bf7 53. Bf1 Rd8 54.
Bc4 Rg8 55. Bf1 Rd8 56. Bc4 Ra8 57. Ba6 Bg6 58. Re1 Bc3 59. Rd1 Re8 60. Bc4 Bb4
61. Bb5 Bc2 62. Rc1 Rxe3 63. Kxe3 Bxb3 64. Bf1 Kxd5 65. Bxh3 c4 66. Bf5 Bc5+
67. Kd2 Kd4 68. Bc2 c3+ 69. Ke2 Bc4+ 70. Ke1 Ke3 71. Bb3 Bd3 72. Bd5 c2 0-1

[Event "Pardubice Open A"]
[Site "?"]
[Date "2015.07.27"]
[Round "4.62"]
[White "BASHIRLI, Nail"]
[Black "CERVENY, Martin"]
[Result "1-0"]
[WhiteElo "2235"]
[BlackElo "2394"]
[PlyCount "107"]
[EventDate "2015.??.??"]
[WhiteClock "0:19:55"]
[BlackClock "0:19:40"]

1. e4 c5 2. Nf3 d6 3. d4 cxd4 4. Nxd4 Nf6 5. Nc3 a6 6. Bc4 e6 7. Bb3 Nbd7 8.
Bg5 Qa5 9. Qd2 Be7 10. O-O-O Nc5 11. Rhe1 Nfxe4 12. Nxe4 Qxd2+ 13. Bxd2 Nxb3+
14. Nxb3 d5 15. Nc3 Bd7 16. f4 g6 17. Nd4 Bc6 18. g3 O-O-O 19. f5 gxf5 20. Nxf5
Bc5 21. Nh6 Rhf8 22. Bf4 Rde8 23. Ng4 f6 24. Bh6 Rf7 25. Rf1 d4 26. Ne2 Bb5 27.
Rxf6 Bxe2 28. Rxf7 Bxg4 29. Re1 e5 30. Rxh7 e4 31. Bf4 Bb6 32. Rh6 Bc5 33. Rg6
Bf3 34. Bd6 Bb6 35. Rf6 Kd7 36. Bb4 Bc7 37. Rf7+ Kd8 38. Bc5 Rh8 39. Rf8+ Rxf8
40. Bxf8 Kd7 41. Kd2 Ke6 42. c3 d3 43. Rf1 Kf5 44. Bc5 Kg4 45. Be3 Kh3 46. g4
Kxg4 47. Rg1+ Kh3 48. Rg7 Bxh2 49. Rxb7 Kg2 50. Rg7+ Kf1 51. b4 Bg2 52. a4 Be5
53. Rg8 Bf6 54. Rf8 1-0

[Event "Pardubice Open A"]
[Site "?"]
[Date "2015.07.27"]
[Round "4.63"]
[White "PEKAR, Vaclav"]
[Black "ZANAN, Evgeny"]
[Result "0-1"]
[WhiteElo "2233"]
[BlackElo "2391"]
[PlyCount "96"]
[EventDate "2015.??.??"]
[WhiteClock "0:30:45"]
[BlackClock "0:32:33"]

1. f4 Nf6 2. Nf3 g6 3. e3 Bg7 4. Be2 O-O 5. O-O c5 6. d3 d5 7. Kh1 Nc6 8. Ne5
Qc7 9. Nxc6 Qxc6 10. a4 Qc7 11. Nc3 Bd7 12. e4 Bc6 13. Bf3 e6 14. Qe1 b6 15.
Qh4 Qb7 16. f5 dxe4 17. dxe4 exf5 18. exf5 Rad8 19. Be3 Rfe8 20. Rae1 Re5 21.
fxg6 hxg6 22. Bg5 Rxe1 23. Qxe1 Re8 24. Qd2 Bxf3 25. Rxf3 Ne4 26. Nxe4 Qxe4 27.
h3 Qe1+ 28. Qxe1 Rxe1+ 29. Kh2 Bxb2 30. c3 Bc1 31. Bf6 Re6 32. g4 Bh6 33. g5
Bg7 34. Bxg7 Kxg7 35. Rd3 Re4 36. a5 b5 37. Rd7 a6 38. Rd6 Re2+ 39. Kg3 Re3+
40. Kg4 Rxc3 41. Rxa6 b4 42. Rb6 b3 43. a6 Rc4+ 44. Kf3 Rb4 45. Rxb4 cxb4 46.
a7 b2 47. a8=Q b1=Q 48. Ke2 Qc2+ 0-1

[Event "Pardubice Open A"]
[Site "?"]
[Date "2015.07.27"]
[Round "4.64"]
[White "GRINBERG, Eyal"]
[Black "BORASO, Alessio"]
[Result "1-0"]
[WhiteElo "2387"]
[BlackElo "2232"]
[PlyCount "43"]
[EventDate "2015.??.??"]
[WhiteClock "0:48:23"]
[BlackClock "0:16:35"]

1. e4 c5 2. Nf3 Nc6 3. d4 cxd4 4. Nxd4 e5 5. Nb5 d6 6. N1c3 a6 7. Na3 Be7 8.
Be3 b5 9. Nd5 Rb8 10. c4 b4 11. Nc2 Nf6 12. f3 O-O 13. b3 Nd7 14. Qd2 a5 15.
Nxe7+ Qxe7 16. Rd1 Nd8 17. Qxd6 Qxd6 18. Rxd6 Ne6 19. Rd5 Ra8 20. c5 f6 21. Bc4
Kh8 22. Kf2 1-0

[Event "Pardubice Open A"]
[Site "?"]
[Date "2015.07.27"]
[Round "4.65"]
[White "THANNHEISER, Thomas"]
[Black "MARTYNOV, Pavel"]
[Result "0-1"]
[WhiteElo "2232"]
[BlackElo "2385"]
[PlyCount "88"]
[EventDate "2015.??.??"]
[WhiteClock "0:22:43"]
[BlackClock "0:03:37"]

1. e4 e6 2. d4 d5 3. Nd2 Be7 4. Bd3 c5 5. c3 Nc6 6. Ngf3 Nf6 7. O-O cxd4 8.
cxd4 dxe4 9. Nxe4 O-O 10. Nc3 b6 11. a3 Bb7 12. Re1 Rc8 13. Bc2 Rc7 14. Qd3 Rd7
15. d5 g6 16. Bh6 Re8 17. Bb3 Nxd5 18. Nxd5 exd5 19. Qe2 Rd6 20. Ng5 Nd4 21.
Qe5 Nf5 22. Rac1 Nxh6 23. Ba4 Bxg5 24. Qxe8+ Kg7 25. Qe5+ Qf6 26. Rc7 Qxe5 27.
Rxe5 Bf6 28. Re8 Ba6 29. Rxa7 Bd3 30. b4 d4 31. h3 b5 32. Bb3 Bc4 33. Bd1 Nf5
34. g4 Nh4 35. f4 g5 36. f5 Bd5 37. Kf2 d3 38. Ke3 Nf3 39. Rc7 Ne5 40. a4 Nc4+
41. Rxc4 Bxc4 42. axb5 Bxb5 43. Rb8 Bd4+ 44. Kd2 Rb6 0-1

[Event "Pardubice Open A"]
[Site "?"]
[Date "2015.07.27"]
[Round "4.66"]
[White "DVORAK, Adam"]
[Black "CAMARENA GIMENEZ, Rufino"]
[Result "1/2-1/2"]
[WhiteElo "2230"]
[BlackElo "2378"]
[PlyCount "33"]
[EventDate "2015.??.??"]
[WhiteClock "1:08:45"]
[BlackClock "1:08:52"]

1. d4 Nf6 2. c4 g6 3. Nc3 Bg7 4. e4 d6 5. f3 O-O 6. Be3 c5 7. d5 e6 8. Qd2 exd5
9. cxd5 Nbd7 10. Nh3 a6 11. a4 Ne8 12. Be2 Rb8 13. O-O Nc7 14. a5 b5 15. axb6
Nxb6 16. Nf2 Re8 17. Bg5 1/2-1/2

[Event "Pardubice Open A"]
[Site "?"]
[Date "2015.07.27"]
[Round "4.67"]
[White "DRNOVSEK, Gal"]
[Black "MOEHN, Hans"]
[Result "0-1"]
[WhiteElo "2228"]
[BlackElo "2372"]
[PlyCount "88"]
[EventDate "2015.??.??"]
[WhiteClock "0:35:51"]
[BlackClock "0:31:00"]

1. d4 Nf6 2. c4 e6 3. Nf3 Bb4+ 4. Nbd2 O-O 5. a3 Bxd2+ 6. Qxd2 b6 7. e3 Bb7 8.
Be2 d6 9. O-O Ne4 10. Qc2 f5 11. b4 Rf6 12. d5 c5 13. bxc5 bxc5 14. Bb2 Rg6 15.
Rad1 Qe7 16. Ne1 Nd7 17. Nd3 Rh6 18. g3 Ng5 19. h4 Ne4 20. Nf4 e5 21. Ne6 Nf8
22. Nxf8 Rxf8 23. Bd3 g5 24. Bxe4 fxe4 25. Qxe4 Bc8 26. f4 Bf5 27. Qf3 e4 28.
Qe2 gxh4 29. Qd2 hxg3 30. Qc3 Rh1+ 31. Kg2 Rh2+ 32. Kg1 Rh1+ 33. Kg2 Rh2+ 34.
Kg1 h6 35. Rb1 Rh1+ 36. Kg2 Rh2+ 37. Kg1 Kh7 38. Ba1 Rh1+ 39. Kg2 Bh3+ 40. Kxh1
g2+ 41. Kg1 gxf1=Q+ 42. Rxf1 Rg8+ 43. Kf2 Qh4+ 44. Ke2 Bxf1+ 0-1

[Event "Pardubice Open A"]
[Site "?"]
[Date "2015.07.27"]
[Round "4.68"]
[White "VYSKOCIL, Neklan"]
[Black "KLECKER, Tadeas"]
[Result "1-0"]
[WhiteElo "2370"]
[BlackElo "2206"]
[PlyCount "121"]
[EventDate "2015.??.??"]
[WhiteClock "0:06:35"]
[BlackClock "0:08:58"]

1. d4 d5 2. c4 c6 3. Nc3 Nf6 4. cxd5 cxd5 5. Bf4 a6 6. e3 Nc6 7. Bd3 e6 8. Rc1
Bd7 9. h3 Be7 10. Nf3 O-O 11. O-O b5 12. Ne5 Na5 13. Qe2 Nc4 14. a3 Qb6 15.
Rfd1 Rfc8 16. e4 Nxe5 17. dxe5 Nxe4 18. Bxe4 Rc4 19. Bxd5 exd5 20. Nxd5 Qd8 21.
Rxc4 bxc4 22. Be3 Be6 23. Nb6 Qf8 24. Nxa8 Qxa8 25. Qd2 h6 26. Qd4 Kh7 27. Qa7
Qxa7 28. Bxa7 c3 29. bxc3 Bxa3 30. Bb6 Kg6 31. g4 h5 32. f3 hxg4 33. hxg4 f5
34. exf6 gxf6 35. Kf2 f5 36. Kg3 fxg4 37. fxg4 Be7 38. Bc7 Bf6 39. Rd3 Bc4 40.
Re3 Bd5 41. Be5 Be7 42. Bf4 Bf6 43. Rd3 Bc4 44. Rd6 Kf7 45. Rc6 Bd3 46. g5 Be7
47. Kh4 Bf8 48. c4 a5 49. c5 a4 50. Rf6+ Ke8 51. Bd6 Bg7 52. Re6+ Kf7 53. Re7+
Kg6 54. c6 Bd4 55. c7 Bf5 56. Re8 a3 57. Rg8+ Kh7 58. Ra8 Kg6 59. Rxa3 Bf2+ 60.
Bg3 Be3 61. Rxe3 1-0

[Event "Pardubice Open A"]
[Site "?"]
[Date "2015.07.27"]
[Round "4.69"]
[White "BILGUUN, Sumiya"]
[Black "KRATOCHVIL, Josef"]
[Result "1-0"]
[WhiteElo "2361"]
[BlackElo "2214"]
[PlyCount "73"]
[EventDate "2015.??.??"]
[WhiteClock "0:14:27"]
[BlackClock "0:08:54"]

1. e4 c5 2. Nf3 e6 3. d4 cxd4 4. Nxd4 a6 5. Bd3 Nf6 6. O-O Qc7 7. Qe2 d6 8. f4
Nbd7 9. Kh1 Be7 10. Nc3 Nc5 11. Bd2 b5 12. b4 Nxd3 13. cxd3 Bb7 14. Rfc1 Qd7
15. a4 bxa4 16. Nxa4 Rb8 17. Nb6 Qd8 18. Be3 Nd7 19. Nc4 O-O 20. Na5 Qe8 21.
Rc7 Ba8 22. Nac6 Bxc6 23. Nxc6 Ra8 24. b5 Bd8 25. Nxd8 Qxd8 26. b6 Rb8 27. Qf2
Nc5 28. Bxc5 dxc5 29. Qxc5 Qxd3 30. b7 Rfd8 31. h3 Qxe4 32. Qe7 Qxf4 33. Qxd8+
Rxd8 34. Rc8 Rf8 35. Rb1 Qb8 36. Rxb8 Rxb8 37. Rc1 1-0

[Event "Pardubice Open A"]
[Site "?"]
[Date "2015.07.27"]
[Round "4.70"]
[White "SOURAL, Jan"]
[Black "SZOTKOWSKI, Jakub"]
[Result "1/2-1/2"]
[WhiteElo "2225"]
[BlackElo "2356"]
[PlyCount "149"]
[EventDate "2015.??.??"]
[WhiteClock "0:02:32"]
[BlackClock "0:07:45"]

1. d4 Nf6 2. c4 c5 3. d5 b5 4. cxb5 a6 5. bxa6 g6 6. Nc3 Bxa6 7. e4 Bxf1 8.
Kxf1 d6 9. Nf3 Bg7 10. g3 Nbd7 11. Kg2 O-O 12. a4 Ra6 13. Qc2 Qa8 14. Nb5 Qb7
15. Ra3 e6 16. dxe6 fxe6 17. Ng5 d5 18. exd5 exd5 19. Re1 Ng4 20. f4 c4 21. Qe2
Ndf6 22. Qe7 Qxe7 23. Rxe7 Re8 24. Rxe8+ Nxe8 25. h3 Ngf6 26. Be3 h6 27. Nf3
Ne4 28. Bd4 Bf8 29. Ra1 Bb4 30. Nc3 N8f6 31. g4 Bd6 32. Bxf6 Nxf6 33. g5 Nh5
34. Nxd5 Ra5 35. Nb6 Nxf4+ 36. Kf1 c3 37. bxc3 Bc7 38. Nc4 Rc5 39. Nfd2 Rxg5
40. h4 Rg4 41. a5 Rxh4 42. Rb1 Rh1+ 43. Kf2 Rxb1 44. Nxb1 Nd5 45. Kf3 Kf7 46.
a6 Bb8 47. Nbd2 Nc7 48. Ne5+ Kg7 49. Nc6 Nxa6 50. Nxb8 Nxb8 51. Kf4 Kf6 52.
Ne4+ Ke6 53. Nf2 Nd7 54. Ng4 g5+ 55. Kg3 h5 56. Ne3 Nb6 57. Nc2 Nc4 58. Nd4+
Kf6 59. Nb5 Ne5 60. Nd6 Kg6 61. c4 h4+ 62. Kh3 Kh5 63. c5 g4+ 64. Kg2 Kg5 65.
Ne4+ Kf4 66. Nf2 Nc6 67. Nd3+ Ke3 68. Nf2 g3 69. Nh3 Nd4 70. Ng1 Kf4 71. Kh3
Kg5 72. c6 Nxc6 73. Nf3+ Kf4 74. Nxh4 g2 75. Nxg2+ 1/2-1/2

[Event "Pardubice Open A"]
[Site "?"]
[Date "2015.07.27"]
[Round "4.71"]
[White "NUN, Jiri"]
[Black "KOLOLLI, Kevin"]
[Result "0-1"]
[WhiteElo "2355"]
[BlackElo "2203"]
[PlyCount "66"]
[EventDate "2015.??.??"]
[WhiteClock "0:12:53"]
[BlackClock "1:01:55"]

1. e4 e5 2. Nf3 Nc6 3. Bc4 Nf6 4. d3 Be7 5. Bb3 O-O 6. Nbd2 d5 7. c3 Be6 8. Qe2
dxe4 9. dxe4 Bxb3 10. axb3 Qd7 11. b4 a6 12. O-O Qe6 13. Re1 Nh5 14. Nc4 Nf4
15. Bxf4 exf4 16. Na5 Nxa5 17. Rxa5 b5 18. Nd4 Qb6 19. Nf5 Bf6 20. Raa1 Rad8
21. Rad1 c5 22. bxc5 Qxc5 23. Qf3 b4 24. cxb4 Rxd1 25. Rxd1 Qxb4 26. b3 Re8 27.
Qxf4 Qxb3 28. Qc1 a5 29. Re1 Qc3 30. Qb1 a4 31. Re3 Qb2 32. Qe1 a3 33. e5 a2
0-1